Las Hilanderas (Record no. 114975)

MARC details
000 -LEADER
campo de control de longitud fija 00821nam a2200229 i 4500
001 - NÚMERO DE CONTROL
campo de control 114975
003 - IDENTIFICADOR DE NÚMERO DE CONTROL
campo de control ES-MaACL
005 - FECHA Y HORA DE LA ÚLTIMA TRANSACCIÓN
campo de control 20260315204632.0
007 - CAMPO FIJO DE DESCRIPCIÓN FÍSICA--INFORMACIÓN GENERAL
campo de control de longitud fija t|
008 - DATOS DE LONGITUD FIJA--INFORMACIÓN GENERAL
campo de control de longitud fija 070214s1929 sp ||||1| spa d
100 1# - ENTRADA PRINCIPAL--NOMBRE DE PERSONA
Nombre de persona Oliver, Federico,
Fechas asociadas al nombre 1873-1957
9 (RLIN) 86807
245 14 - MENCIÓN DEL TÍTULO
Título Las Hilanderas
Resto del título : zarzuela en un acto y tres cuadros /
Mención de responsabilidad, etc. Federico Oliver ; música del maestro José Serrano ; dibujos de Alonso.
260 ## - PUBLICACIÓN, DISTRIBUCIÓN, ETC.
Lugar de publicación, distribución, etc. Madrid :
Nombre del editor, distribuidor, etc. Rivadeneyra,
Fecha de publicación, distribución, etc. 1929.
300 ## - DESCRIPCIÓN FÍSICA
Extensión 61 p. :
Otras características físicas il. ;
Dimensiones 17 cm.
490 1# - MENCIÓN DE SERIE
Mención de serie La Farsa ;
Designación de volumen o secuencia 75
500 ## - NOTA GENERAL
Nota general Estrenada en el Teatro Fontalba, de Madrid, la noche del 15 de febrero de 1929.
700 1# - ENTRADA AGREGADA--NOMBRE PERSONAL
Nombre de persona Serrano, José,
Fechas asociadas al nombre 1873-1941
9 (RLIN) 105700
700 0# - ENTRADA AGREGADA--NOMBRE PERSONAL
Nombre de persona Alonso
Títulos y otros términos asociados al nombre (ilustrador)
9 (RLIN) 20301
830 0# - PUNTO DE ACCESO ADICIONAL DE SERIE-TÍTULO UNIFORME
Título uniforme La Farsa ;
Designación de volumen o secuencia 75
9 (RLIN) 185863
852 ## - LOCALIZACIÓN
Ubicación ES-MaACL
Número de control de estantería C-13192
Holdings
Estatus retirado Estado de pérdida Estado de daño No para préstamo Biblioteca de origen Biblioteca actual Ubicación en estantería Fecha de adquisición Fuente de adquisición Total de préstamos Signatura topográfica completa Código de barras Visto por última vez Precio de reemplazo Tipo de ítem Koha
        Biblioteca del Ateneo de Madrid Biblioteca del Ateneo de Madrid Sala Palomar 17/01/2008     C-13192 1119896 23/02/2023 23/02/2023 Libro impreso